00439nam a2200157Ia 4500008004100000040001900041041001200060082002700072100002400099245004900123260003100172300002300203504002000226650001400246850002100260131103s9999 xx 000 0 und d aLoreto College aEnglish a371.63/DRAbLCBED/4812 aDrachman, Julian M. aMaking friends with wordscJulian M.Drachman aNew yorkbGlobe bookc1956 avii,324p. c 22cm. aInclludes index aEducation aLCBED/371.63/DRA